History - World | 12 | 4 | 0 | 0 | 220 | 40 | 65.00 | 2 | 4 |
History - American | 10 | 4 | 0 | 0 | 190 | 29 | 60.00 | 6 | 8 |
History - European | 6 | 8 | 0 | 0 | 170 | 24 | 76.14 | 4 | 6 |
Literature - American | 4 | 0 | 0 | 0 | 60 | 61 | 72.50 | 0 | 0 |
Current Events - U.S. | 2 | 2 | 0 | 0 | 50 | 52 | 87.00 | 0 | 0 |
History - Cross, Historiography, and Miscellaneous | 2 | 2 | 0 | 0 | 50 | 27 | 50.00 | 2 | 2 |
Other - Other Academic and General Knowledge | 2 | 2 | 0 | 0 | 50 | 56 | 79.00 | 0 | 0 |
Science - Chemistry | 2 | 2 | 0 | 0 | 50 | 47 | 77.50 | 0 | 0 |
Science - Physics | 0 | 4 | 0 | 0 | 40 | 67 | 68.00 | 0 | 0 |
Science - Math | 0 | 4 | 0 | 0 | 40 | 68 | 71.50 | 0 | 2 |
Current Events - World | 0 | 4 | 0 | 0 | 40 | 78 | 96.00 | 0 | 0 |
Geography - Europe | 0 | 4 | 0 | 0 | 40 | 66 | 102.00 | 0 | 2 |
Fine Arts - Music | 2 | 0 | 0 | 0 | 30 | 59 | 59.00 | 0 | 0 |
Literature - British | 2 | 0 | 0 | 0 | 30 | 43 | 43.00 | 0 | 2 |
Geography - World | 2 | 0 | 0 | 0 | 30 | 34 | 34.00 | 2 | 2 |
Social Science - Sociology | 0 | 2 | 0 | 0 | 20 | 120 | 120.00 | 0 | 0 |
RMP - Philosophy | 0 | 2 | 0 | 0 | 20 | 70 | 70.00 | 0 | 2 |
Science - Earth | 0 | 2 | 0 | 0 | 20 | 77 | 77.00 | 0 | 0 |
RMP - World Mythology | 0 | 2 | 0 | 0 | 20 | 136 | 136.00 | 0 | 0 |
Social Science - Economics | 0 | 2 | 0 | 0 | 20 | 123 | 123.00 | 0 | 0 |
RMP - Jewish Practice | 0 | 0 | 0 | 0 | 0 | | 0.00 | 0 | 0 |
RMP - Islam | 0 | 0 | 0 | 0 | 0 | | 0.00 | 0 | 0 |